Statistics for Friends A-Z

Click here to take the quiz!

General Stats

  • This quiz has been taken 12,141 times
  • The average score is 19 of 26

Answer Stats

LetterHintAnswer% Correct
CName of the coffee shop where the Friends hang outCentral Perk
96%
LRoss's first marriage ends because his wife is a ...Lesbian
95%
HJoey's pick up lineHow You Doin'?
94%
JChandler's annoying recurring ex-girlfriendJanice
93%
ERoss and Rachel's daughterEmma
92%
SPhoebe's signature songSmelly Cat
91%
BPhoebe and Ursula'a surnameBuffay
91%
DSoap opera in which Joey plays Dr. Drake RamorayDays of our Lives
90%
GCoffee shop manager who loves RachelGunther
89%
YChandler tells J that he is moving to this countryYemen
87%
ZRoss's monkey moves to one of these when he becomes sexually matureZoo
86%
MRoss's pet MonkeyMarcel
85%
PRoss's instruction when trying to carry the couch upstairsPIVOT!
77%
UUnattractive neighbor who the Friends spy onUgly Naked Guy
77%
NRoss and Monica's relative who dies twiceNana
72%
QWhat Rachel does at the coffee shop when she has to be retrainedQuits
69%
ARachel's sister, played by Christina ApplegateAmy
64%
TRachel's hot young assistantTag
60%
RBand who sings the theme songThe {Rembrandts}
59%
KJoey's girlfriend who cheats on him with ChandlerKathy
53%
FNickname of the former royal who Joey bumps into in LondonFergie
53%
XWhat Monica has when Ross squeezes her hand too hardX-Ray
50%
WIn the first episode, Monica sleeps with Paul the .......{Wine} Guy
47%
VName of Chandler's dad's cabaret showViva Las Gaygas
41%
IGuy who works in the copy place with ChloeIsaac
33%
OThe Friends discuss what they would do if they were this for a dayOmnipotent
27%

Score Distribution

Percentile by Number Answered

Percent of People with Each Score

Your Score History

You have not taken this quiz